Giant in the Answers - Statistics

General Stats
  • This quiz has been taken 42,031 times
    13,978 since last reset
  • The average score is 11 of 18
Answer Stats
Clue Answer % Correct
Most famous Chinese animal Giant panda
94%
One small step for man, one ____ ____ for mankind Giant leap
92%
Huge deep-sea invertebrate Giant squid
78%
Fruit inhabited by James Gian peach
77%
What our sun will become in a few billion years Red giant
76%
World's largest species of tree Giant sequoia
75%
Some can be found on the Galápagos and can live for nearly 200 years Giant tortoise
75%
What BFG stands for, to Roald Dahl Big Friendly Giant
74%
Non-rocky planet such as Jupiter Gas giant
72%
Someone who is huge, but harmless Gentle panda
69%
Massive French wrestler who could drink 100 beers in a single session André the Giant
62%
Mollusc that can weigh hundreds of pounds Giant clam
52%
Alpine skiing event Giant slalom
51%
Animated movie about a boy who befriends a giant space robot The Iron Giant
44%
Hexagonal columns in Northern Ireland Giant's Causeway
43%
Early settlers of the Americas hunted this massive, slow-moving animal to extinction Giant sloth
42%
Scary insect known as a "yak killer" Asian giant hornet
25%
John Coltrane album Giant Steps
16%
No matching quizzes found
Score Distribution
Percent of People with Each Score
Percentile by Number Answered
Your Score History
You have not taken this quiz since the last reset